[Event "Portugal Open 2020"]
[Site "Lisboa POR"]
[Date "2020.01.28"]
[Round "5.41"]
[White "Hendrix, Joachim"]
[Black "Santos, José Gulherme"]
[Result "0-1"]
[WhiteElo "1868"]
[BlackElo "2211"]
[WhiteFideId "12958557"]
[BlackFideId "1939300"]
[BlackTitle "NM"]
[WhiteCountry "GER"]
[BlackCountry "POR"]
[PlyCount "90"]
[EventDate "2020.??.??"]

1. g3 c5 2. Bg2 Nc6 3. Nf3 Nf6 4. O-O g6 5. d3 Bg7 6. e4 d6 7. c3 O-O 8. Re1 e5
9. a3 Rb8 10. b4 b5 11. h3 a5 12. bxc5 dxc5 13. Be3 Qe7 14. Nbd2 Rd8 15. Qc2 Ba6
16. Nb3 Nd7 17. Bf1 a4 18. Nc1 Nb6 19. h4 Rdc8 20. Bh3 Rc7 21. h5 b4 22. cxb4
Nd4 23. Nxd4 cxd4 24. Bg5 Qd6 25. Qd1 Qf8 26. hxg6 hxg6 27. Kg2 Bh6 28. Qd2 Bxg5
29. Qxg5 Qe7 30. Qh6 Rc2 31. Rh1 Qf6 32. Bf5 Qg7 33. Qxg7+ Kxg7 34. Bg4 Rb7 35.
Rd1 Rc3 36. Kf1 Rbc7 37. b5 Bxb5 38. Rb1 R7c5 39. Be2 Rxa3 40. Rd2 Bd7 41. Rxb6
Rxc1+ 42. Kg2 Raa1 43. Rd6 Rg1+ 44. Kf3 Bh3 45. Rc2 g5 0-1

[Event "Portugal Open 2020"]
[Site "Lisboa POR"]
[Date "2020.01.28"]
[Round "5.42"]
[White "Reis, Luís Sousa"]
[Black "Tieres, Cristiano"]
[Result "1-0"]
[WhiteElo "2187"]
[BlackElo "1852"]
[WhiteFideId "1900609"]
[BlackFideId "1924931"]
[WhiteTitle "NM"]
[WhiteCountry "POR"]
[BlackCountry "POR"]
[PlyCount "57"]
[EventDate "2020.??.??"]

1. d4 Nf6 2. c4 g6 3. Nc3 Bg7 4. e4 d6 5. f4 O-O 6. Nf3 c5 7. d5 e6 8. dxe6 fxe6
9. Bd3 Nh5 10. g3 Nc6 11. O-O a6 12. f5 Ne5 13. Nxe5 Bxe5 14. Bh6 Rf7 15. Qe2
Bd7 16. fxg6 Rxf1+ 17. Rxf1 hxg6 18. Qg4 Kh7 19. Bg5 Qe8 20. Qh4 Kg8 21. g4 Ng7
22. Be7 Bc6 23. Rf3 Qd7 24. Rh3 Re8 25. Qh7+ Kf7 26. Bg5 Bf6 27. Rf3 Qe7 28. e5
Rh8 29. Bxg6+ 1-0

[Event "Portugal Open 2020"]
[Site "Lisboa POR"]
[Date "2020.01.28"]
[Round "5.43"]
[White "Cambando, José"]
[Black "Taylor, Robert Graham"]
[Result "1-0"]
[WhiteElo "2166"]
[BlackElo "1844"]
[WhiteFideId "10100563"]
[BlackFideId "1800841"]
[WhiteTitle "CM"]
[WhiteCountry "ANG"]
[BlackCountry "WLS"]
[PlyCount "67"]
[EventDate "2020.??.??"]

1. e4 c5 2. Nf3 e6 3. d4 cxd4 4. Nxd4 Nc6 5. Nxc6 bxc6 6. Bd3 d6 7. O-O Nf6 8.
f4 e5 9. fxe5 dxe5 10. Qf3 Be6 11. Kh1 Nd7 12. Nc3 Nc5 13. Be2 f6 14. Be3 Qc7
15. Rad1 Bf7 16. b4 Ne6 17. Nd5 Qb7 18. Ba6 Qxa6 19. Nxf6+ gxf6 20. Qxf6 Bg8 21.
Qxh8 Bf7 22. Qxh7 Qb7 23. Rf6 Bg7 24. Rff1 Qe7 25. Bc5 Qg5 26. Qh3 Rd8 27. Rxd8+
Qxd8 28. Bxa7 Qg5 29. Be3 Nf4 30. Qc8+ Ke7 31. g3 Qg6 32. Bc5+ Kf6 33. Qd8+ Ke6
34. Qe7# 1-0

[Event "Portugal Open 2020"]
[Site "Lisboa POR"]
[Date "2020.01.28"]
[Round "5.44"]
[White "Morais, Vítor"]
[Black "Santos, António P"]
[Result "0-1"]
[WhiteElo "1864"]
[BlackElo "2152"]
[WhiteFideId "1900552"]
[BlackFideId "1900161"]
[WhiteTitle "NM"]
[BlackTitle "FM"]
[WhiteCountry "POR"]
[BlackCountry "POR"]
[PlyCount "112"]

1. e4 c5 2. Nf3 d6 3. Bb5+ Nd7 4. O-O Ngf6 5. Re1 a6 6. Bf1 e6 7. c3 Be7 8. d4
O-O 9. h3 b6 10. Bf4 Bb7 11. Nbd2 b5 12. a4 c4 13. b3 d5 14. e5 Ne8 15. Qb1 Bc6
16. axb5 axb5 17. b4 Rxa1 18. Qxa1 Nb6 19. Be2 Nc7 20. Bd1 h6 21. Nf1 Qa8 22.
Bc2 Qxa1 23. Rxa1 Na4 24. Bd2 Ra8 25. Ne3 Ra6 26. Nd1 Kf8 27. Kf1 Ke8 28. Ke2
Kd8 29. g3 Be8 30. Ke1 Kc8 31. Ng1 Kb7 32. Ne2 Nxc3 33. Rxa6 Nxe2 34. Ra2 Nxd4
35. Bc3 Nc6 36. Ke2 d4 37. Bd2 d3+ 38. Bxd3 cxd3+ 39. Kxd3 Nxe5+ 40. Kc2 Nc6 41.
Kb3 Nd5 42. Ne3 Nxe3 43. fxe3 f5 44. Rc2 e5 45. Ka3 Bf7 46. Be1 Na5 47. Kb2 Nc4+
48. Kc1 Nxe3 49. Re2 Nc4 50. Bc3 Bh5 51. Rf2 Bg5+ 52. Kc2 Kc6 53. Kb3 g6 54. Rf1
Kd5 55. Ra1 Ke4 56. Re1+ Be3 0-1

[Event "Portugal Open 2020"]
[Site "Lisboa POR"]
[Date "2020.01.28"]
[Round "5.45"]
[White "Correia, Mário"]
[Black "Gomes, José Luis"]
[Result "1/2-1/2"]
[WhiteElo "2133"]
[BlackElo "1819"]
[WhiteFideId "1900927"]
[BlackFideId "1901710"]
[WhiteCountry "POR"]
[BlackCountry "POR"]
[PlyCount "53"]
[EventDate "2020.??.??"]

1. d4 d5 2. c4 c6 3. Nf3 Nf6 4. g3 g6 5. Bg2 Bg7 6. O-O O-O 7. Nc3 dxc4 8. Ne5
Ng4 9. f4 Nxe5 10. fxe5 Nd7 11. Bf4 Nb6 12. Qd2 Nd5 13. Bh6 Be6 14. Bxg7 Kxg7
15. Ne4 Qc8 16. Ng5 h6 17. Nf3 Bh3 18. e4 Nb6 19. Rad1 Bxg2 20. Kxg2 Qg4 21. Qe3
f5 22. exf6+ exf6 23. e5 Nd5 24. exf6+ Rxf6 25. Qe5 Qe6 26. Rde1 Re8 27. Qxf6+
1/2-1/2

[Event "Portugal Open 2020"]
[Site "Lisboa POR"]
[Date "2020.01.28"]
[Round "5.46"]
[White "Reis, Luis"]
[Black "Röttgen, Jürgen"]
[Result "1/2-1/2"]
[WhiteElo "1855"]
[BlackElo "2131"]
[WhiteFideId "1901940"]
[BlackFideId "4629868"]
[WhiteCountry "POR"]
[BlackCountry "GER"]
[PlyCount "69"]
[EventDate "2020.01.25"]

1. d4 d5 2. Bf4 c6 3. e3 Nf6 4. Bd3 Bg4 5. Nf3 e6 6. Nbd2 Bd6 7. Bxd6 Qxd6 8. c3
Nbd7 9. O-O O-O 10. Be2 a5 11. c4 b6 12. Ne1 Bxe2 13. Qxe2 e5 14. dxe5 Nxe5 15.
Nef3 Rfe8 16. cxd5 Qxd5 17. Nxe5 Qxe5 18. Nf3 Qh5 19. Qc4 c5 20. Qh4 Qxh4 21.
Nxh4 Re4 22. Nf3 Rb4 23. b3 a4 24. Nd2 Kf8 25. Rfd1 axb3 26. axb3 Rxa1 27. Rxa1
Ne4 28. Nxe4 Rxe4 29. Kf1 Rb4 30. Ra3 c4 31. bxc4 Rxc4 32. Ra7 b5 33. Rb7 b4 34.
Ke2 Rc2+ 35. Kf3 1/2-1/2

[Event "Portugal Open 2020"]
[Site "Lisboa POR"]
[Date "2020.01.28"]
[Round "5.47"]
[White "Ferreira, Hugo"]
[Black "Trinkl, Stefan"]
[Result "1-0"]
[WhiteElo "2109"]
[BlackElo "1814"]
[WhiteFideId "1915940"]
[BlackFideId "16250281"]
[WhiteCountry "POR"]
[BlackCountry "GER"]
[PlyCount "25"]
[EventDate "2020.01.25"]

1. d4 f5 2. Bg5 g6 3. g4 d6 4. gxf5 Bxf5 5. Bg2 d5 6. c4 c6 7. cxd5 cxd5 8. Nc3
Nf6 9. Bxf6 exf6 10. Bxd5 Qd7 11. Qb3 Nc6 12. e4 Nb4 13. exf5 1-0

[Event "Portugal Open 2020"]
[Site "Lisboa POR"]
[Date "2020.01.28"]
[Round "5.48"]
[White "Silva, Tiago Alexandre"]
[Black "Fernandes, João Pedro"]
[Result "0-1"]
[WhiteElo "1855"]
[BlackElo "2099"]
[WhiteFideId "1935321"]
[BlackFideId "1926624"]
[WhiteCountry "POR"]
[BlackCountry "POR"]
[PlyCount "84"]
[EventDate "2020.01.25"]

1. Nf3 Nf6 2. b3 g6 3. Bb2 Bg7 4. e3 d6 5. c4 e5 6. Nc3 O-O 7. Be2 Re8 8. O-O c6
9. d3 a6 10. Qc2 Nbd7 11. Rac1 b5 12. d4 Bb7 13. Rfd1 Qe7 14. Ba3 exd4 15. exd4
c5 16. b4 cxb4 17. Bxb4 a5 18. Bxd6 Qxd6 19. Nxb5 Qe7 20. Kf1 Rac8 21. a4 Ng4
22. h3 Bxf3 23. gxf3 Ngf6 24. Na7 Ra8 25. Nb5 Qe6 26. Nc7 Qxh3+ 27. Kg1 Nh5 28.
Nxe8 Rxe8 29. Bf1 Qxf3 30. Bg2 Qg4 31. Re1 Rxe1+ 32. Rxe1 Bxd4 33. Qd1 Qf4 34.
Qf3 Qxf3 35. Bxf3 Nc5 36. Rd1 Bc3 37. Bxh5 gxh5 38. Rd5 Bb4 39. Rg5+ Kf8 40.
Rxh5 Kg7 41. Kf1 Nxa4 42. Ke2 Nc5 0-1

[Event "Portugal Open 2020"]
[Site "Lisboa POR"]
[Date "2020.01.28"]
[Round "5.49"]
[White "Chennaoui, Yasin"]
[Black "Elias, Benjamim"]
[Result "1-0"]
[WhiteElo "2093"]
[BlackElo "1807"]
[WhiteFideId "1330667"]
[BlackFideId "1903578"]
[WhiteCountry "SUI"]
[BlackCountry "POR"]
[PlyCount "153"]
[EventDate "2020.01.25"]

1. c4 d6 2. Nc3 Nd7 3. g3 g6 4. Bg2 Bg7 5. e3 Ngf6 6. Nge2 c6 7. O-O O-O 8. b3
Nc5 9. d4 Na6 10. Ba3 Qa5 11. Qc1 Qh5 12. Nf4 Qa5 13. Nfe2 Qh5 14. Nf4 Qa5 15.
Rd1 Re8 16. Nd3 Qd8 17. b4 Nc7 18. b5 Bd7 19. bxc6 Bxc6 20. Bxc6 bxc6 21. c5 d5
22. Ne5 Qc8 23. Nxc6 Qh3 24. Ne5 h5 25. Rd2 Ng4 26. Nxg4 hxg4 27. Qf1 Qh5 28.
Qg2 e5 29. Nxd5 Ne6 30. dxe5 Bxe5 31. Bb2 Bxb2 32. Rxb2 Qe5 33. Rab1 Ng5 34. Nf4
Nf3+ 35. Kh1 Qxc5 36. h4 Rac8 37. Ne2 Qd5 38. Nd4 Rc5 39. Nxf3 gxf3 40. Qf1 Kg7
41. Rb8 Re6 42. R1b7 Qxa2 43. Rb2 Qa5 44. Qd1 Rf6 45. R2b4 Qc7 46. Qd4 Qd6 47.
R8b5 Rc1+ 48. Kh2 Qc6 49. Rb1 Rxb1 50. Rxb1 Qc2 51. Qb2 Qxb2 52. Rxb2 Rb6 53.
Ra2 a6 54. g4 f5 55. gxf5 gxf5 56. Kg3 Kg6 57. Kxf3 Rd6 58. Ra4 Re6 59. Ra5 Kf6
60. Kf4 Rc6 61. f3 Rb6 62. h5 Rc6 63. h6 Rd6 64. Ra3 Rb6 65. Ra4 Kg6 66. h7 Kxh7
67. Kxf5 Kg7 68. e4 Rf6+ 69. Kg4 Kf7 70. e5 Rb6 71. Kf5 Ke7 72. f4 Rc6 73. Ra5
Rb6 74. Ra3 Rc6 75. Ra1 Rb6 76. Rh1 a5 77. Rh7+ 1-0

[Event "Portugal Open 2020"]
[Site "Lisboa POR"]
[Date "2020.01.28"]
[Round "5.50"]
[White "Porteman, Eric"]
[Black "Fernandes, Alberto"]
[Result "0-1"]
[WhiteElo "1847"]
[BlackElo "2092"]
[WhiteFideId "204099"]
[BlackFideId "1900277"]
[BlackTitle "NM"]
[WhiteCountry "BEL"]
[BlackCountry "POR"]
[PlyCount "90"]
[EventDate "2020.01.25"]

1. c4 e5 2. Nc3 Nf6 3. g3 d5 4. cxd5 Nxd5 5. Bg2 Nb6 6. Nf3 Nc6 7. O-O Be7 8. d3
O-O 9. Be3 Be6 10. Rc1 Nd5 11. Nxd5 Bxd5 12. a3 Re8 13. Bc5 Bf6 14. e4 Be6 15.
Qc2 Qd7 16. b4 Rac8 17. Rfe1 Red8 18. Bf1 h6 19. Be3 Bg4 20. Nd2 Bg5 21. Nb3 Nd4
22. Bxd4 exd4 23. f4 Be7 24. f5 f6 25. Qc4+ Kf8 26. Bg2 b6 27. Qc6 Qxc6 28. Rxc6
Bh5 29. Rec1 Bf7 30. Nd2 a5 31. Rxc7 Rxc7 32. Rxc7 axb4 33. axb4 Bxb4 34. Nf3
Bh5 35. Nh4 Ra8 36. Ng6+ Ke8 37. h3 Bd6 38. Rc6 Bxg3 39. e5 Ra1+ 40. Bf1 Bf3 41.
Re6+ Kd8 42. exf6 gxf6 43. Rxb6 Ra2 44. Be2 Rxe2 45. Nf8 Re1# 0-1

[Event "Portugal Open 2020"]
[Site "Lisboa POR"]
[Date "2020.01.28"]
[Round "5.51"]
[White "Guerreiro, Nuno"]
[Black "Avelino, Camila"]
[Result "1-0"]
[WhiteElo "2071"]
[BlackElo "1802"]
[WhiteFideId "1903012"]
[BlackFideId "1938975"]
[WhiteCountry "POR"]
[BlackCountry "POR"]
[PlyCount "65"]
[EventDate "2020.01.25"]

1. Nf3 Nf6 2. g3 g6 3. Bg2 Bg7 4. O-O O-O 5. c4 d6 6. d4 Nbd7 7. Nc3 e5 8. h3
exd4 9. Nxd4 Nb6 10. b3 c5 11. Nc2 Be6 12. e4 Qd7 13. e5 Nh5 14. Ne4 Bxe5 15.
Bh6 Rfe8 16. f4 Bxa1 17. Qxa1 f5 18. Ng5 d5 19. Nxe6 Qxe6 20. Rd1 Qf6 21. g4
fxg4 22. hxg4 Qxa1 23. Nxa1 Nf6 24. Bf3 dxc4 25. bxc4 Nxc4 26. g5 Ne4 27. Rd7
Ncd2 28. Bg4 b5 29. Nc2 a5 30. Ne3 Nc4 31. Nd5 Rad8 32. Be6+ Rxe6 33. Rxd8+ 1-0

[Event "Portugal Open 2020"]
[Site "Lisboa POR"]
[Date "2020.01.28"]
[Round "5.52"]
[White "Burghardt, Michael"]
[Black "Xu, Yang"]
[Result "0-1"]
[WhiteElo "1839"]
[BlackElo "2047"]
[WhiteFideId "12961264"]
[BlackFideId "8624780"]
[WhiteCountry "GER"]
[BlackCountry "CHN"]
[PlyCount "44"]
[EventDate "2020.01.25"]

1. d4 d5 2. Nc3 c6 3. e4 dxe4 4. Nxe4 Nf6 5. Nxf6+ gxf6 6. c3 Bf5 7. Bd3 Bg6 8.
Ne2 e5 9. Bxg6 hxg6 10. Be3 Nd7 11. Qb3 Qc7 12. h3 Bd6 13. O-O-O e4 14. c4 b6
15. g3 f5 16. h4 Nf6 17. Nf4 Ng4 18. Nh3 O-O-O 19. Kb1 c5 20. Nf4 Nxe3 21. fxe3
Bxf4 22. gxf4 cxd4 0-1

[Event "Portugal Open 2020"]
[Site "Lisboa POR"]
[Date "2020.01.28"]
[Round "5.53"]
[White "Maric, Boris"]
[Black "Babo, Miguel"]
[Result "1-0"]
[WhiteElo "2034"]
[BlackElo "1796"]
[WhiteFideId "16211367"]
[BlackFideId "1901567"]
[WhiteCountry "GER"]
[BlackCountry "POR"]
[PlyCount "127"]
[EventDate "2020.01.25"]

1. d4 Nf6 2. c4 e6 3. Nf3 d5 4. Nc3 Nbd7 5. cxd5 exd5 6. Bg5 Be7 7. e3 O-O 8.
Bd3 Re8 9. Qc2 c6 10. h3 h6 11. Bf4 Nf8 12. O-O-O Bb4 13. Kb1 Be6 14. g4 Bxc3
15. Qxc3 Ne4 16. Qc2 Rc8 17. Qe2 Qb6 18. Ka1 c5 19. dxc5 Rxc5 20. Nd4 Ra5 21.
Rc1 Bd7 22. Bc7 Qb4 23. Bxa5 Qxa5 24. f3 Ng3 25. Qe1 Qxe1 26. Rhxe1 h5 27. Rc7
Rb8 28. a3 g6 29. Rg1 h4 30. Rc5 Ne6 31. Nxe6 Bxe6 32. Kb1 Kf8 33. Kc2 Ke7 34.
Kd2 Kd6 35. Rgc1 f5 36. Ke1 fxg4 37. fxg4 g5 38. R5c2 Rf8 39. Rf2 Rxf2 40. Kxf2
Bd7 41. Kf3 Bc6 42. Kf2 Ke5 43. b4 a6 44. Rc5 Kd6 45. Ra5 Nh1+ 46. Ke1 Ng3 47.
Kf2 Nh1+ 48. Ke1 Ng3 49. a4 Bd7 50. Kf2 Nh1+ 51. Kf3 Ng3 52. b5 axb5 53. axb5
Be6 54. Ra8 Ke5 55. Rb8 Ne4 56. Bxe4 dxe4+ 57. Kf2 Bd5 58. Rd8 Be6 59. Ke1 Kf6
60. Kd2 Ke5 61. Kc3 Kf6 62. Kd4 Ke7 63. Rb8 Kf6 64. Rxb7 1-0

[Event "Portugal Open 2020"]
[Site "Lisboa POR"]
[Date "2020.01.28"]
[Round "5.54"]
[White "Quintino, Luís"]
[Black "Lopes, João Pedro"]
[Result "1/2-1/2"]
[WhiteElo "1839"]
[BlackElo "2030"]
[WhiteFideId "1904086"]
[BlackFideId "1902210"]
[WhiteCountry "POR"]
[BlackCountry "POR"]
[PlyCount "68"]
[EventDate "2020.01.25"]

1. d4 d5 2. Nc3 e6 3. e4 dxe4 4. Nxe4 Be7 5. Nf3 Nf6 6. Bd3 O-O 7. O-O h6 8. c3
Nxe4 9. Bxe4 c5 10. Be3 cxd4 11. Qxd4 Qxd4 12. Nxd4 f5 13. Bf3 f4 14. Bd2 e5 15.
Bd5+ Kh8 16. Nb3 Nc6 17. f3 Bf5 18. Rfe1 Bd6 19. Be4 Be6 20. Rad1 Bxb3 21. axb3
Bc7 22. b4 Rad8 23. Bc1 g5 24. Bc2 Kg7 25. Rxd8 Rxd8 26. Rd1 Rxd1+ 27. Bxd1 h5
28. Bc2 Kf6 29. Be4 g4 30. h3 Bb6+ 31. Kf1 gxh3 32. gxh3 Kg5 33. Bd2 Be3 34. Be1
h4 1/2-1/2

[Event "Portugal Open 2020"]
[Site "Lisboa POR"]
[Date "2020.01.28"]
[Round "5.55"]
[White "Sismeiro, Miguel"]
[Black "Terwagne, Bertrand"]
[Result "0-1"]
[WhiteElo "2026"]
[BlackElo "1796"]
[WhiteFideId "1950975"]
[BlackFideId "243078"]
[WhiteCountry "POR"]
[BlackCountry "BEL"]
[PlyCount "42"]
[EventDate "2020.01.25"]

1. e4 e5 2. Nf3 Nc6 3. Bb5 f5 4. Qe2 fxe4 5. Bxc6 dxc6 6. Qxe4 Bd6 7. d4 Nf6 8.
Qe2 e4 9. Ng5 Qe7 10. f3 exf3 11. Nxf3 Qxe2+ 12. Kxe2 Bf5 13. c3 O-O 14. Rd1
Rae8+ 15. Kf2 Bc2 16. Rf1 Ng4+ 17. Kg1 Nxh2 18. Nxh2 Bxh2+ 19. Kxh2 Rxf1 20. Na3
Bd3 21. b3 Ree1 0-1

[Event "Portugal Open 2020"]
[Site "Lisboa POR"]
[Date "2020.01.28"]
[Round "5.56"]
[White "Bártolo, Filipe"]
[Black "Maloberti, David"]
[Result "0-1"]
[WhiteElo "1819"]
[BlackElo "2017"]
[WhiteFideId "1942565"]
[BlackFideId "620149"]
[WhiteCountry "POR"]
[BlackCountry "FRA"]
[PlyCount "72"]
[EventDate "2020.01.25"]

1. e4 e6 2. d4 d5 3. Nd2 c5 4. exd5 exd5 5. Ngf3 Nf6 6. dxc5 Bxc5 7. Nb3 Bb6 8.
Bb5+ Nc6 9. O-O O-O 10. Nfd4 Bc7 11. h3 Qd6 12. f4 Bb6 13. Be2 Bf5 14. c3 Be4
15. a4 a6 16. Bf3 Rfe8 17. Kh1 Bxd4 18. Nxd4 Nxd4 19. cxd4 Bxf3 20. Qxf3 Ne4 21.
Qd3 Qb4 22. Be3 Ng3+ 23. Kh2 Nxf1+ 24. Rxf1 Qc4 25. Qxc4 dxc4 26. Bd2 b5 27. Kg3
Re2 28. Bc3 b4 29. Bxb4 Rxb2 30. Bc5 c3 31. Rc1 c2 32. Kg4 Re8 33. d5 Rc8 34. d6
Rxc5 35. d7 f5+ 36. Kg5 Rd5 0-1

[Event "Portugal Open 2020"]
[Site "Lisboa POR"]
[Date "2020.01.28"]
[Round "5.57"]
[White "Pina, Tiago"]
[Black "Casagrande, Federico"]
[Result "0-1"]
[WhiteElo "1816"]
[BlackElo "1999"]
[WhiteFideId "1950673"]
[BlackFideId "2827137"]
[WhiteCountry "POR"]
[BlackCountry "ITA"]
[PlyCount "106"]
[EventDate "2020.01.25"]

1. e4 c6 2. d4 d5 3. e5 c5 4. dxc5 e6 5. Nf3 Bxc5 6. Bd3 Ne7 7. O-O Nbc6 8. Nc3
Ng6 9. Re1 Qc7 10. Bxg6 hxg6 11. Bf4 O-O 12. Bg3 a6 13. Qd2 Ne7 14. Nd4 b5 15.
Nce2 Qb6 16. c3 b4 17. Rec1 a5 18. Nb3 Ba6 19. Nxc5 Qxc5 20. cxb4 Qxb4 21. Qxb4
axb4 22. Nd4 Rfc8 23. Bh4 Nf5 24. Nxf5 gxf5 25. Be7 Rcb8 26. Bd6 Rb7 27. Rc7
Rxc7 28. Bxc7 Bc4 29. Bd6 b3 30. a3 Kh7 31. Rc1 f4 32. g3 g5 33. gxf4 gxf4 34.
f3 Kg6 35. Kf2 Rh8 36. Rg1+ Kf5 37. Rg2 Bb5 38. Bb4 Kxe5 39. Ke1 Rc8 40. Rd2 d4
41. h4 Kd5 42. h5 Rg8 43. Rh2 Bd3 44. h6 Bh7 45. Kf2 Rc8 46. Rg2 Rc2+ 47. Kg1
Rc1+ 48. Kf2 Rh1 49. Bf8 Rb1 50. Rg7 Rxb2+ 51. Kg1 Rb1+ 52. Kg2 b2 53. Rxh7 Rg1+
0-1

[Event "Portugal Open 2020"]
[Site "Lisboa POR"]
[Date "2020.01.28"]
[Round "5.58"]
[White "Martins, Diogo"]
[Black "Zilles, Paul"]
[Result "1-0"]
[WhiteElo "1998"]
[BlackElo "1761"]
[WhiteFideId "1926934"]
[BlackFideId "205990"]
[WhiteCountry "POR"]
[BlackCountry "BEL"]
[PlyCount "37"]
[EventDate "2020.01.25"]

1. e4 d5 2. exd5 Qxd5 3. Nc3 Qa5 4. d4 c6 5. Bc4 Bf5 6. Bd2 Qc7 7. Bxf7+ Kxf7 8.
Qf3 e6 9. g4 g6 10. O-O-O Nf6 11. gxf5 exf5 12. Nh3 h6 13. Nf4 g5 14. Nd3 f4 15.
Ne5+ Kg7 16. h4 Bd6 17. hxg5 hxg5 18. Qg2 Bxe5 19. Qxg5+ 1-0

[Event "Portugal Open 2020"]
[Site "Lisboa POR"]
[Date "2020.01.28"]
[Round "5.59"]
[White "Curado, Manuel"]
[Black "Botelho, Luís"]
[Result "1/2-1/2"]
[WhiteElo "1797"]
[BlackElo "1987"]
[WhiteFideId "1905112"]
[BlackFideId "1904981"]
[WhiteCountry "POR"]
[BlackCountry "POR"]
[PlyCount "118"]
[EventDate "2020.01.25"]

1. e4 c5 2. Nf3 g6 3. d4 cxd4 4. Nxd4 Nc6 5. Nxc6 bxc6 6. Qd4 Nf6 7. e5 Nd5 8.
e6 f6 9. c4 Nb6 10. exd7+ Bxd7 11. Be2 e5 12. Qe3 Bg7 13. Nc3 O-O 14. O-O Be6
15. b3 Qd4 16. Rd1 Qxe3 17. Bxe3 Rad8 18. a4 f5 19. a5 Nc8 20. Na4 f4 21. Bc5
Rfe8 22. Rac1 Bf5 23. b4 e4 24. b5 Bh6 25. Rxd8 Rxd8 26. Rd1 Rxd1+ 27. Bxd1 cxb5
28. cxb5 e3 29. b6 axb6 30. axb6 Be4 31. Nc3 Bb7 32. Bf3 Bf8 33. Bxf8 Bxf3 34.
gxf3 Nxb6 35. Bh6 Nd5 36. Ne2 Kf7 37. Bxf4 exf2+ 38. Kxf2 Kf6 39. Bh6 Kf5 40.
Ng3+ Ke6 41. Ne4 Kf5 42. h4 Ne7 43. Ke3 Ke5 44. f4+ Kf5 45. Kf3 Nd5 46. Nd6+ Ke6
47. Nc4 Ne7 48. Ne3 Nc8 49. Kg4 Nd6 50. Bg7 Ne4 51. Bd4 h5+ 52. Kf3 Nd6 53. Be5
Nb7 54. Bc7 Nc5 55. Nc4 Kf5 56. Nd6+ Ke6 57. Ne4 Nd3 58. Ke3 Nb4 59. Kd4 Kf5
1/2-1/2

[Event "Portugal Open 2020"]
[Site "Lisboa POR"]
[Date "2020.01.28"]
[Round "5.60"]
[White "Santos, Isabel P"]
[Black "Kurylski, Leonardo"]
[Result "0-1"]
[WhiteElo "1782"]
[BlackElo "1980"]
[WhiteFideId "1921681"]
[BlackFideId "1928988"]
[WhiteCountry "POR"]
[BlackCountry "POR"]
[PlyCount "82"]
[EventDate "2020.01.25"]

1. d4 e6 2. c4 b6 3. Nf3 Bb7 4. e3 Nf6 5. Bd3 Ne4 6. O-O f5 7. b3 Bd6 8. g3 O-O
9. Bb2 Rf6 10. d5 Rh6 11. Bxe4 fxe4 12. Qd4 Qf6 13. Nfd2 Qxd4 14. Bxd4 exd5 15.
cxd5 Bxd5 16. Nc3 Bb7 17. Ncxe4 Be7 18. Rac1 c5 19. Ba1 d5 20. Nc3 Nd7 21. Rfd1
Nf6 22. f3 a6 23. Ne2 b5 24. g4 Ne8 25. Ng3 Re6 26. Kf2 Rc8 27. f4 c4 28. Nf3 b4
29. f5 Rb6 30. g5 c3 31. Rd4 Nd6 32. h4 Ne4+ 33. Nxe4 dxe4 34. Rd7 exf3 35. Rxe7
Kf8 36. Rd7 Be4 37. Rd4 Re8 38. a3 a5 39. axb4 axb4 40. Bxc3 bxc3 41. Rxc3 Rb5
0-1

[Event "Portugal Open 2020"]
[Site "Lisboa POR"]
[Date "2020.01.28"]
[Round "5.61"]
[White "Moretti, Filippo"]
[Black "Fanha, Paulo"]
[Result "1/2-1/2"]
[WhiteElo "1969"]
[BlackElo "1766"]
[WhiteFideId "2805001"]
[BlackFideId "1902148"]
[BlackTitle "CM"]
[WhiteCountry "ITA"]
[BlackCountry "POR"]
[PlyCount "63"]
[EventDate "2020.01.25"]

1. e4 d5 2. exd5 Qxd5 3. Nc3 Qd6 4. d4 Nf6 5. Nf3 c6 6. g3 Bf5 7. Bg2 h6 8. O-O
e6 9. a3 Qc7 10. Ne5 Nbd7 11. Nxd7 Qxd7 12. Be3 Bd6 13. Qe2 O-O 14. Rad1 Rfe8
15. Bc1 Rad8 16. Ne4 Bxe4 17. Bxe4 Nxe4 18. Qxe4 Be7 19. Bf4 Bf6 20. Rd3 Qd5 21.
Qxd5 exd5 22. a4 Rd7 23. Rfd1 Re2 24. R3d2 Rxd2 25. Rxd2 Re7 26. Kf1 Re4 27. Be3
Kf8 28. c3 Ke7 29. Ke2 Kd7 30. Kd3 Re6 31. Rd1 Be7 32. Rb1 1/2-1/2

[Event "Portugal Open 2020"]
[Site "Lisboa POR"]
[Date "2020.01.28"]
[Round "5.62"]
[White "Guerreiro, Paulo"]
[Black "Ruiz Viñals, Matias"]
[Result "0-1"]
[WhiteElo "1757"]
[BlackElo "1964"]
[WhiteFideId "1902105"]
[BlackFideId "2252295"]
[WhiteCountry "POR"]
[BlackCountry "ESP"]
[PlyCount "94"]
[EventDate "2020.01.25"]

1. d4 Nf6 2. c4 c5 3. d5 e5 4. Nc3 d6 5. e4 Be7 6. Nf3 Nbd7 7. Bd3 Nf8 8. h3 Ng6
9. Be3 a6 10. a4 h6 11. Qd2 Bd7 12. a5 Nh5 13. Ne2 Bf6 14. O-O Nh4 15. Nxh4 Bxh4
16. f4 exf4 17. Bxf4 Bg5 18. Bxg5 Qxg5 19. Qxg5 hxg5 20. Rf2 f6 21. Bc2 O-O-O
22. Ra3 g4 23. hxg4 Bxg4 24. Ng3 Rh6 25. Nf5 Bxf5 26. Rxf5 Rdh8 27. Rh3 g5 28.
Bd1 Nf4 29. Rxh6 Rxh6 30. g3 Nd3 31. b3 Kd8 32. Be2 Ne5 33. Kg2 Ke7 34. Rf1 Rh8
35. b4 cxb4 36. Rb1 Rc8 37. Rxb4 Rc5 38. Rxb7+ Kd8 39. Rb6 Rxa5 40. Rxd6+ Ke7
41. Re6+ Kf7 42. Bh5+ Kg7 43. d6 Nxc4 44. d7 Ra2+ 45. Kh3 Rd2 46. Be8 Ne5 47.
Rxa6 g4+ 0-1

[Event "Portugal Open 2020"]
[Site "Lisboa POR"]
[Date "2020.01.28"]
[Round "5.63"]
[White "Barrento, Jorge"]
[Black "Heid, Michael"]
[Result "0-1"]
[WhiteElo "1715"]
[BlackElo "1953"]
[WhiteFideId "1906500"]
[BlackFideId "16276949"]
[WhiteCountry "POR"]
[BlackCountry "GER"]
[PlyCount "66"]
[EventDate "2020.01.25"]

1. d4 g6 2. Nc3 Bg7 3. e4 d6 4. f4 a6 5. Nf3 b5 6. e5 c5 7. dxc5 b4 8. Nd5 dxc5
9. Bc4 e6 10. Ne3 Qxd1+ 11. Nxd1 Bb7 12. Be3 Nd7 13. c3 Ne7 14. cxb4 cxb4 15.
O-O O-O 16. Nd4 Rfc8 17. Bb3 Nd5 18. Bd2 Bf8 19. Ne3 N7b6 20. a3 bxa3 21. bxa3
Nxe3 22. Bxe3 Rc3 23. Bf2 Bc5 24. Bd1 Nc4 25. Ne2 Bxf2+ 26. Rxf2 Rxa3 27. Rxa3
Nxa3 28. Ng3 Rc8 29. Bf3 Rc1+ 30. Nf1 Bxf3 31. Rxf3 Nc4 32. Kf2 a5 33. Rb3 Rxf1+
0-1

[Event "Portugal Open 2020"]
[Site "Lisboa POR"]
[Date "2020.01.28"]
[Round "5.64"]
[White "Figueiredo, Mário"]
[Black "Gonçalves, Samuel"]
[Result "1-0"]
[WhiteElo "1939"]
[BlackElo "1758"]
[WhiteFideId "1902601"]
[BlackFideId "1945130"]
[WhiteCountry "POR"]
[BlackCountry "POR"]
[PlyCount "119"]
[EventDate "2020.01.25"]

1. d4 Nf6 2. c4 e6 3. Nc3 Bb4 4. Qc2 Nc6 5. Nf3 d5 6. Bg5 h6 7. Bxf6 Qxf6 8. e3
O-O 9. a3 Bxc3+ 10. Qxc3 Rd8 11. Bd3 dxc4 12. Bxc4 Qg6 13. O-O e5 14. d5 Bh3 15.
Ne1 Ne7 16. Qxe5 Nf5 17. Bd3 c6 18. Bxf5 Bxf5 19. dxc6 bxc6 20. Nf3 Be4 21. Nh4
Qg4 22. g3 Rd2 23. h3 Qe6 24. Qxe6 fxe6 25. f3 Bh7 26. Rf2 Rad8 27. Raf1 g5 28.
Ng2 R2d3 29. e4 Rb8 30. Rc1 Rbb3 31. Ne1 Re3 32. Rd2 Kg7 33. Kf2 h5 34. Rd7+ Kh6
35. Rxc6 g4 36. Rxe6+ Bg6 37. hxg4 hxg4 38. Rdd6 gxf3 39. Rxg6+ Kh7 40. Rh6+ Kg7
41. Rdg6+ Kf7 42. Rf6+ Kg7 43. Rhg6+ Kh7 44. Rg4 Re2+ 45. Kf1 Rbe3 46. Nxf3 Rxb2
47. Rf5 Kh6 48. Rh4+ Kg7 49. Rg5+ Kf8 50. Rf4+ Ke7 51. Rd5 Rxa3 52. Rd1 Rbb3 53.
Kg2 Ra2+ 54. Kh3 a5 55. Nd4 Rb6 56. Rh4 Rbb2 57. Kg4 a4 58. Re1 Rd2 59. Nf3 Rf2
60. Rh6 1-0